Normal view MARC view
  • Intelligent buildings

Entry Topical Term

Number of records used in: 1

001 - CONTROL NUMBER

  • control field: 40095

003 - CONTROL NUMBER IDENTIFIER

  • control field: OSt

005 - DATE AND TIME OF LATEST TRANSACTION

  • control field: 20160531113245.0

008 - FIXED-LENGTH DATA ELEMENTS

  • fixed length control field: 160531|| aca||babn | a|a d

040 ## - CATALOGING SOURCE

  • Original cataloging agency: OSt

150 ## - HEADING--TOPICAL TERM

  • Topical term or geographic name as entry element: Intelligent buildings

450 ## - SEE FROM TRACING--TOPICAL TERM

  • Topical term or geographic name entry element: Buildings
  • General subdivision: Automation

550 ## - SEE ALSO FROM TRACING--TOPICAL TERM

  • Topical term or geographic name entry element: Buildings

550 ## - SEE ALSO FROM TRACING--TOPICAL TERM

  • Topical term or geographic name entry element: Smart materials in architecture